banner koha

Parâmetros comparativos de indicadores bioquímicos plasmáticos de duas populações de quatis (Nasua nasua - LINNAEUS, 1766) com e sem ação antrópica (Registro n. 330671)

MARC details
000 -LÍDER
fixed length control field 04948nab a2200361 i 4500
003 - CÓDIGO MARC DA AGÊNCIA CATALOGADORA
Campo de controle BR-BrBNA
005 - DATA E HORA DA ÚLTIMA ATUALIZAÇÃO
Campo de controle 20250326115756.0
008 - CAMPO DE TAMANHO FIXO
fixed length control field 250326b2017 bl.|r|pooa||| 00| 0 por |
040 ## - FONTE DA CATALOGAÇÃO
Agência catalogadora BR-BrBNA
Idioma da catalogação por
072 ## - CATEGORIA AGRIS
Código AGRIS L50
Código do objeto 8891
072 ## - CATEGORIA AGRIS
Código AGRIS L20
100 ## - ENTRADA PRINCIPAL - NOME PESSOAL
Nome pessoal Riekehr Júnior, L.E.
100 ## - ENTRADA PRINCIPAL - NOME PESSOAL
Nome pessoal Piau Júnior, R.
100 ## - ENTRADA PRINCIPAL - NOME PESSOAL
Nome pessoal Gonçalves, D.D.
100 ## - ENTRADA PRINCIPAL - NOME PESSOAL
Nome pessoal Kunz, R.O.
100 ## - ENTRADA PRINCIPAL - NOME PESSOAL
Nome pessoal Cardeal, C.
100 ## - ENTRADA PRINCIPAL - NOME PESSOAL
Nome pessoal Pachaly, J.R.
100 ## - ENTRADA PRINCIPAL - NOME PESSOAL
Nome pessoal Cubas, Z. S.
100 ## - ENTRADA PRINCIPAL - NOME PESSOAL
Nome pessoal Valle, L.G. E.
245 ## - TÍTULO PRINCIPAL
Título principal Parâmetros comparativos de indicadores bioquímicos plasmáticos de duas populações de quatis (Nasua nasua - LINNAEUS, 1766) com e sem ação antrópica
500 ## - NOTA GERAL
Nota geral <br/><br/>Publicação online; 20 ref.; 4 tables; Summaries (En, Pt)
942 ## - ADDED ENTRY ELEMENTS (KOHA)
Koha item type Analítica
520 ## - NOTA DE RESUMO
Nota de conteúdo <br/><br/><br/>RESUMO - Os quatis são mamíferos carnívoros da família Procyonidae, são animais onívoros, encontrados nas Américas do Norte, Central e Sul, sendo amplamente distribuídos no Brasil. O objetivo deste trabalho é analisar as alterações nos parâmetros sanguíneos de duas diferentes populações de quatis (Nasua nasua), da região oeste do Paraná, e avaliar a qualidade de vida e a interferência antrópica nos hábitos alimentares desses animais. A análise sorológica foi realizada em duas diferentes populações de quatis (Nasua nasua) que habitam duas unidades de conservação em regiões distintas no município de Foz do Iguaçu. Em uma das populações, foram visualizados cerca de cinquenta indivíduos, os quais se revelam em exposição direta aos seres humanos, e outra população menor, em torno de trinta indivíduos, os quais não possuem exposição direta aos seres humanos, o que, por sua vez, revelou importantes indicativos da qualidade de vida e de saúde desses animais. Foram realizadas avaliações bioquímicas do soro sanguíneo de 10 quatis adultos; cinco animais do grupo 1, população exposta aos seres humanos, e cinco animais do grupo 2, população com menor exposição. Com os resultados obtidos, foram feitas as comparações dos valores<br/>bioquímicos entre os grupos e com os valores de referência pesquisados na literatura. Os exames bioquímicos revelaram alterações significativas nos níveis de glicose e proteínas totais e alterações no nível plasmático de triglicerídeos nos quatis capturados na população em contado direto com seres humanos. Conclui-se que a saúde dos animais que possuem exposição direta com seres humanos está sendo afetada pelo consumo de uma dieta rica em carboidratos e gorduras, oriunda de alimentos<br/>industrializados fornecidos pelos turistas.<br/><br/><br/>Palavras-chave: análises bioquímicas, animais selvagens, sanidade
520 ## - NOTA DE RESUMO
Nota de conteúdo <br/><br/><br/>ABSTRACT - The coatis, carnivorous mammals of the Procyonidae family, are omnivorous animals, found in North, Central and South America and are widely distributed in Brazil. The objective of this study was to analyze changes in blood parameters in two different populations of coatis (Nasua nasua), of the western region of Paraná, and to evaluate the quality of life and the human interference in eating habits of these animals. Serologic analysis was performed in two different populations of coatis (Nasua nasua) inhabiting two conservation units in different areas in the city of Foz do Iguaçu. In one population, approximately fifty individuals were visualized, revealing themselves in direct exposure to humans as well as another minor population of about thirty individuals, which have no direct exposure to humans, which revealed important indicatives of the quality of life and health of these animals. Biochemical assessments of ten adults coatis serum were perfomred, five animals in group 1, population exposed to humans and five animals of the group 2, population less exposed. With the obtained results, comparisons were made between the groups’ biochemical values and the reference values found in the literature. Biochemical tests revealed significant changes in glucose levels and total protein and changes in plasma levels of triglycerides in coatis captured in the population in direct contact with humans. It follows that the health of animals that have direct exposure to humans is being affected by the consumption of a diet high in carbohydrates and fats, coming from processed foods provided by tourists.<br/><br/><br/>Keywords: biochemical analysis, health, wildlife
650 ## - ASSUNTO - THESAGRO
Cabeçalho tópico ou nome geográfico QUATI
650 ## - ASSUNTO - THESAGRO
Cabeçalho tópico ou nome geográfico BIOQUÍMICA ANIMAL
650 ## - ASSUNTO - THESAGRO
Cabeçalho tópico ou nome geográfico PARÂMETRO SANGUÍNEO
650 ## - ASSUNTO - THESAGRO
Cabeçalho tópico ou nome geográfico QUALIDADE DE VIDA
650 ## - ASSUNTO - THESAGRO
Cabeçalho tópico ou nome geográfico HÁBITO ALIMENTAR
773 0# - ENTRADA ANALÍTICA
Host Biblionumber 1643
Registro do item 349324
Imprenta Belo Horizonte-MG Universidade Federal de Minas Gerais - Escola de Veterinaria 1983
Outro identificador 2025-1843
Título Arquivo Brasileiro de Medicina Veterinária e Zootecnia (Brazil)
ISSN 0102-0935
Colação v. 69(3) p. 659-666; (2017)
Número de controle de registro BR2025000379
856 ## - ACESSO E ENDEREÇO ELETRÔNICO
Identificador uniforme de recurso - URI https://www.scielo.br/j/abmvz/a/M56mpwc5gMNw6rdrmFXqWpm/?format=pdf&lang=pt

Nenhum exemplar disponível.

BINAGRI

Telefone: (61)3218-2567/2388/3357/2097 - binagri@agro.gov.br

Ministério da Agricultura e Pecuária , Esplanada dos Ministérios, Bloco D, Anexo B, Brasília/DF, CEP: 70.043-900